000 00483nam a2200169 a 4500
005 20140412111303.0
008 001108s19uu xx 00 eng d
020 _a0-7214-1546-6
050 _aER
_bEl1 1993
245 _aElves and the shoemaker (The) /
_cillustrated by Peter Stevenson.
260 _aLoughborough, UK :
_bLadybird Books,
_c1993.
300 _a[25] p. ; ill.
440 _aFavourite Tales Series
650 _aFairy tales
650 _aFolklore
999 _c103534
_d103534